000 00179nam a22000857a 4500
082 _a823
100 _aUNKNOWN
245 _aMYSTERIOUS STORIES OF MR.PIN MARY LISE MONSELL
942 _cBK
999 _c8339
_d8339